000 00838nam a22003017a 4500
999 _c1137
_d1137
001 001446
003 CoMeUDC001446
005 20190220211655.0
008 090226s2005 ck gr 00110dspa d
015 _ack-2005-xxxx
020 _a9587061616
040 _aCO-BoBLA
_bspa
_cCoMeUDC
043 _as-ck---
082 0 4 _a658 R692
_221
100 _aRodríguez Múnera, Mauricio
_91573
245 1 0 _aBrujulas empresariales II /
_cMauricio Rodríguez Múnera
260 3 _a[Bogotá]:
_bEl Tiempo,
_c2005.
300 _a280 p.;
_c25 cm.
500 _aIncluye índice.
546 _aEspañol.
650 6 _zColombia
_xAdminsitración de empresas
650 _aResponsabilidad social
_z Colombia
650 _xAdministración de personal
650 _aMercadeo.
650 _aLiderazgo.
942 _2ddc
_cBK
949 _a